Catálogo
 En Linea

El cambio económico y social : (Registro nro. 23353)

Detalles MARC
000 -CABECERA
campo de control de longitud fija 00699nam a2200193 a 4500
001 - NÚMERO DE CONTROL
campo de control 000023857
005 - FECHA Y HORA DE LA ÚLTIMA TRANSACCIÓN
campo de control 20200930022523.0
008 - DATOS DE LONGITUD FIJA--INFORMACIÓN GENERAL
campo de control de longitud fija 110114s1996 mx r 000 0 spa d
040 ## - FUENTE DE LA CATALOGACIÓN
Centro catalogador/agencia de origen DO-SdBNP
Lengua de catalogación spa
Centro/agencia transcriptor BNPHU
082 ## - NÚMERO DE LA CLASIFICACIÓN DECIMAL DEWEY
Número de clasificación xxxxx
Número de documento/Ítem L581c
049 ## - FONDOS LOCALES (OCLC)
Fondos de biblioteca BNGR
100 1# - ENTRADA PRINCIPAL--NOMBRE DE PERSONA
Nombre de persona Leonard, Olen E.
9 (RLIN) 49078
245 13 - MENCIÓN DE TÍTULO
Título El cambio económico y social :
Resto del título en cuatro comunidades del altiplano de bolivia /
Mención de responsabilidad, etc. Olen E. Leonard ; traducción Alberto Bonifaz Nuño.
260 ## - PUBLICACIÓN, DISTRIBUCIÓN, ETC.
Lugar de publicación, distribución, etc. México, D. F. :
Nombre del editor, distribuidor, etc. Instituto Indigenista Interamericano,
Fecha de publicación, distribución, etc. 1996.
300 ## - DESCRIPCIÓN FÍSICA
Extensión xxii, 141 p. ;
Dimensiones 19 cm.
490 1# - MENCIÓN DE SERIE
Mención de serie Antropología social ;
Designación de volumen o secuencia 3
700 1# - PUNTO DE ACCESO ADICIONAL--NOMBRE DE PERSONA
Nombre de persona Bonifaz Nuño, Alberto,
Término indicativo de función/relación tr.
9 (RLIN) 49079
830 #0 - PUNTO DE ACCESO ADICIONAL DE SERIE-TÍTULO UNIFORME
Título uniforme Antropología social ;
Número de parte o sección de la obra 3
9 (RLIN) 49080
Existencias
Estado de retiro Estado de pérdida Restricciones de uso No para préstamo Código de colección Localización permanente Ubicación/localización actual Ubicación en estantería Fecha de adquisición Número de inventario Total de préstamos Signatura topográfica completa Código de barras Fecha visto por última vez Precio válido a partir de Tipo de ítem Koha
        Monografías: Libros y Folletos General General En catalogación 14.01.2011 LF1   xxxxx L581c 23857-10 25.06.2020 25.06.2020 Préstamo en sala

Con tecnología Koha